El teatro breve en los inicios del siglo XXI (Record no. 179767)

MARC details
000 -LEADER
campo de control de longitud fija 01509nam a2200301 i 4500
001 - NÚMERO DE CONTROL
campo de control 179767
003 - IDENTIFICADOR DE NÚMERO DE CONTROL
campo de control ES-MaACL
005 - FECHA Y HORA DE LA ÚLTIMA TRANSACCIÓN
campo de control 20250828093557.0
008 - DATOS DE LONGITUD FIJA--INFORMACIÓN GENERAL
campo de control de longitud fija 120119s2011 sp ao |||| | spa d
020 ## - NÚMERO INTERNACIONAL ESTÁNDAR DEL LIBRO
Número Internacional Estándar del Libro 978-84-9895-129-5
080 ## - NÚMERO DE LA CLASIFICACIÓN DECIMAL UNIVERSAL
Número de la Clasificación Decimal Universal 821.134.2-2.09"19"(063)
110 2# - ENTRADA PRINCIPAL--NOMBRE DE ENTIDAD CORPORATIVA
Nombre de entidad corporativa o nombre de jurisdicción como elemento de entrada Universidad Nacional de Educación a Distancia (España).
Unidad subordinada Centro de Investigación de Semiótica Literaria, Teatral y Nuevas Tecnologías.
-- Seminario Internacional
Número del congreso/reunión o número de parte o sección (20º.
Fecha del congreso o de la firma del tratado 2010.
Sede del congreso/Lugar de la reunión Madrid)
9 (RLIN) 149136
245 13 - MENCIÓN DEL TÍTULO
Título El teatro breve en los inicios del siglo XXI
Resto del título : actas del XX Seminario Internacional del Centro de Investigación de Semiótica Literaria, Teatral y Nuevas Tecnologías /
Mención de responsabilidad, etc. José Romera Castillo (ed.), con la colaboración de Francisco Gutiérrez Carbajo y Marina Sanfilippo.
260 ## - PUBLICACIÓN, DISTRIBUCIÓN, ETC.
Lugar de publicación, distribución, etc. Madrid :
Nombre del editor, distribuidor, etc. Visor,
Fecha de publicación, distribución, etc. [2011]
300 ## - DESCRIPCIÓN FÍSICA
Extensión 525 p. :
Otras características físicas il., fot. ;
Dimensiones 21 cm.
490 1# - MENCIÓN DE SERIE
Mención de serie Biblioteca filológica hispana ;
Designación de volumen o secuencia 129
504 ## - NOTA DE BIBLIOGRAFÍA, ETC.
Nota de bibliografía, etc. Referencias bibliográficas.
650 #7 - PUNTO DE ACCESO ADICIONAL DE MATERIA--TÉRMINO DE MATERIA
Término de materia o nombre geográfico como elemento de entrada Teatro español-
Subdivisión cronológica S.XX-
Subdivisión de forma Congresos y asambleas.
9 (RLIN) 17359
650 #4 - PUNTO DE ACCESO ADICIONAL DE MATERIA--TÉRMINO DE MATERIA
Término de materia o nombre geográfico como elemento de entrada Teatro español-
Subdivisión cronológica S.XXI-
Subdivisión de forma Congresos y asambleas.
9 (RLIN) 138731
650 #7 - PUNTO DE ACCESO ADICIONAL DE MATERIA--TÉRMINO DE MATERIA
Término de materia o nombre geográfico como elemento de entrada Teatro alternativo
Fuente del encabezamiento o término embne
9 (RLIN) 142682
700 1# - ENTRADA AGREGADA--NOMBRE PERSONAL
Nombre de persona Romera Castillo, José,
Fechas asociadas al nombre 1946-
9 (RLIN) 99292
700 1# - ENTRADA AGREGADA--NOMBRE PERSONAL
Nombre de persona Gutiérrez Carbajo, Francisco.
9 (RLIN) 61103
700 1# - ENTRADA AGREGADA--NOMBRE PERSONAL
Nombre de persona Sanfilippo, Marina.
9 (RLIN) 149135
830 0# - PUNTO DE ACCESO ADICIONAL DE SERIE-TÍTULO UNIFORME
Título uniforme Biblioteca filológica hispana ;
Designación de volumen o secuencia 129
9 (RLIN) 179654
852 ## - LOCALIZACIÓN
Ubicación ES-MaACL
Número de control de estantería A-11909
itemnumber 186667
Sublocalización o colección R.148326
Ubicación en estantería Depósito 1
Signatura antigua Olim: N-4914
942 ## - ELEMENTOS DE ENTRADA SECUNDARIOS (KOHA)
Fuente del sistema de clasificación o colocación Clasificación decimal universal
Tipo de ítem Koha Libro impreso
Holdings
Estatus retirado Estado de pérdida Fuente del sistema de clasificación o colocación Estado de daño No para préstamo Biblioteca de origen Biblioteca actual Ubicación en estantería Fecha de adquisición Fuente de adquisición Total de préstamos Signatura topográfica completa Código de barras Visto por última vez Precio de reemplazo Tipo de ítem Koha
    Clasificación decimal universal     Biblioteca del Ateneo de Madrid Biblioteca del Ateneo de Madrid Depósito 1 19/01/2012 Compra   A-11909 1188853 23/02/2023 23/02/2023 Libro impreso